000 00718nam a2200205Ia 4500
003 GCL
008 140319s9999 xx 000 0 ara d
040 _aGCL /
_cGCL
082 0 4 _a371.0285
_bع ك
100 1 _aعبدالعزيز فهمى هيكل
245 1 0 _aالكمبيوتر فى مؤسسات التربية والتعليم:البرمجة بلغة باسيك /
_cعبدالعزيز فهمى هيكل
260 _a[S.N] :
_bدار الراتب الجامعية ،
_c1988
300 _a176 ص
490 _a
650 0 4 _aالتربية
650 0 4 _aالحاسبات الالكترونية
650 0 4 _aباسيك
650 0 4 _aالتعليم - وسائل سمعية و بصرية
942 _2ddc
_cBK
999 _c36110
_d36110